Geography Quiz

Random Geography or State Quiz
Score 0/14 Timer 05:00
0 Plays Today
% Correct
Ohio
96.8%
New Mexico
95.8%
Tennessee
94.7%
New York
94.7%
Mississippi
92.6%
New Jersey
92.6%
Illinois
91.6%
% Correct
Kentucky
91.6%
Connecticut
91.6%
Oregon
89.5%
Missouri
89.5%
Wisconsin
89.5%
Vermont
89.5%
Wyoming
87.4%

You're not logged in!

Compare scores with friends on all Sporcle quizzes.
OR
Log In

Sporcle TV

Today on Sporcle TV


Watch our educational content, quiz creation guides, and fun videos on Sporcle TV.

Show Comments

Extras

Created Dec 19, 2012ReportNominate
Tags:State Quiz, A-less

Top Quizzes Today


Score Distribution

Paid Content

Your Account Isn't Verified!

In order to create a playlist on Sporcle, you need to verify the email address you used during registration. Go to your Sporcle Settings to finish the process.

Report this User

Report this user for behavior that violates our Community Guidelines.

Details: